| 000 | 00687nam a22002177a 4500 | ||
|---|---|---|---|
| 999 |
_c1765 _d1765 |
||
| 001 | 12768 | ||
| 003 | BD-DhUAP | ||
| 005 | 20200216122626.0 | ||
| 008 | 200216s2007 bg ||||| |||| 001 0 eng d | ||
| 040 |
_aBD-DhUAP _bEng _cBD-DhUAP _dBD-DhUAP |
||
| 082 |
_223 _a342.54920412 SPE |
||
| 245 | _aThe special powers act and anti-corruption commission act with some other allied laws. | ||
| 250 | _a8th ed. | ||
| 260 |
_aDhaka : _bEsrarul Huq Chowdhury, _c2007. |
||
| 300 |
_a[38], 588 pages ; _c24 cm. |
||
| 500 | _aInclude index. | ||
| 650 |
_aWar and emergency powers _zBangladesh. |
||
| 650 |
_aWar and emergency legislation _zBangladesh. |
||
| 710 | _aDhaka law report. | ||
| 942 |
_2ddc _cBK |
||